[Event "Pere Noel"]
[Site "Montreal CAN"]
[Date "2010.12.29"]
[Round "4"]
[White "Kraiouchkine, Nikita"]
[Black "Malveau, Cedric"]
[Result "1/2-1/2"]
[WhiteElo "2253"]
[BlackElo "1970"]
[PlyCount "96"]
[EventDate "2010.12.26"]
[EventType "swiss"]
[EventRounds "5"]
[EventCountry "CAN"]

1. e4 c5 2. Nf3 d6 3. d4 cxd4 4. Nxd4 Nf6 5. Nc3 a6 6. Bc4 e6 7. Bb3 b5 8. f4
Bb7 9. f5 e5 10. Nf3 Be7 11. Qe2 O-O 12. O-O Nbd7 13. Bg5 Nc5 14. Bxf6 Bxf6 15.
Bd5 Bxd5 16. Nxd5 Na4 17. b3 Nb6 18. Ne3 Rc8 19. Rad1 Qc7 20. Rf2 Be7 21. g4
Qc6 22. Qd3 Qc3 23. g5 Qxd3 24. Rxd3 d5 25. Nd2 d4 26. Ng4 Bxg5 27. Nf3 Bf4 28.
Nfxe5 Bxe5 29. Nxe5 Rfe8 30. Nf3 Rxe4 31. Nxd4 Nd5 32. Nc6 Nf6 33. Rd8+ Rxd8
34. Nxd8 h5 35. Nc6 Ng4 36. Rd2 Ne3 37. Re2 Rg4+ 38. Kf2 Nxf5 39. Re5 g6 40.
Nb8 Nh4 41. Nxa6 Rg2+ 42. Kf1 Rxc2 43. Nb4 Rxh2 44. Rxb5 Nf3 45. Rd5 Nd2+ 46.
Kg1 Nf3+ 47. Kf1 Nd2+ 48. Kg1 Nf3+ 1/2-1/2

[Event "Pere Noel"]
[Site "Montreal CAN"]
[Date "2010.12.30"]
[Round "5"]
[White "Luo, Zhao Yang"]
[Black "Kraiouchkine, Nikita"]
[Result "1/2-1/2"]
[WhiteElo "1924"]
[BlackElo "2253"]
[PlyCount "69"]
[EventDate "2010.12.26"]
[EventType "swiss"]
[EventRounds "5"]
[EventCountry "CAN"]

1. d4 d5 2. c4 c6 3. Nf3 Nf6 4. Nc3 dxc4 5. e4 b5 6. a4 b4 7. Na2 Nxe4 8. Bxc4
e6 9. Qe2 Nf6 10. Bg5 a5 11. Rc1 Ba6 12. O-O Be7 13. Rfd1 O-O 14. Bf4 Bd6 15.
Ne5 Nd5 16. Bg3 Bb7 17. Bd3 Qe7 18. Qc2 f5 19. Re1 g6 20. h3 f4 21. Bh2 Bxe5
22. Rxe5 Nd7 23. Ree1 Qf6 24. Re4 Rf7 25. Rce1 Re8 26. Bc4 N7b6 27. b3 g5 28.
Nc1 Nxc4 29. Qxc4 Rd7 30. Nd3 Rc7 31. Qc5 Ba6 32. Nb2 Qe7 33. Qxa5 Bc8 34. Nd3
c5 35. Re5 1/2-1/2

[Event "Olympiad U16"]
[Site "Burdur TUR"]
[Date "2010.11.27"]
[Round "1"]
[White "Kovalev, Vladislav"]
[Black "Kraiouchkine, Nikita"]
[Result "1/2-1/2"]
[WhiteElo "2355"]
[BlackElo "2202"]
[PlyCount "53"]
[EventDate "2010.11.27"]
[EventType "team"]
[EventRounds "10"]
[EventCountry "TUR"]
[Source "Mark Crowther"]
[SourceDate "2010.11.29"]
[WhiteTeam "Belarus"]
[BlackTeam "Canada"]
[WhiteTeamCountry "BLR"]
[BlackTeamCountry "CAN"]

1. e4 e5 2. Nf3 Nc6 3. Bb5 f5 4. d3 fxe4 5. dxe4 Nf6 6. O-O Bc5 7. Qe2 Nd4 8.
Nxd4 Bxd4 9. Nd2 a6 10. Ba4 Qe7 11. Kh1 O-O 12. f4 d6 13. f5 b5 14. Bb3+ Kh8
15. a4 Bd7 16. Nf3 Bc6 17. c3 Bc5 18. axb5 axb5 19. Rxa8 Rxa8 20. Bg5 Qf8 21.
Nd2 b4 22. Bxf6 gxf6 23. Bd5 Bxd5 24. exd5 bxc3 25. bxc3 Ra2 26. Rd1 Qh6 27.
Qb5 1/2-1/2

[Event "Olympiad U16"]
[Site "Burdur TUR"]
[Date "2010.11.28"]
[Round "3"]
[White "Kraiouchkine, Nikita"]
[Black "Amangeldiyev, Gurbangeldi"]
[Result "1-0"]
[WhiteElo "2202"]
[BlackElo "2004"]
[PlyCount "145"]
[EventDate "2010.11.27"]
[EventType "team"]
[EventRounds "10"]
[EventCountry "TUR"]
[Source "Mark Crowther"]
[SourceDate "2010.11.29"]
[WhiteTeam "Canada"]
[BlackTeam "Turkmenistan-B"]
[WhiteTeamCountry "CAN"]

1. e4 e6 2. d4 d5 3. Nc3 Nf6 4. e5 Nfd7 5. f4 c5 6. Nf3 Nc6 7. Be3 a6 8. Qd2 b5
9. a3 Qb6 10. dxc5 Bxc5 11. Bxc5 Qxc5 12. Rd1 O-O 13. Qf2 Qxf2+ 14. Kxf2 f6 15.
exf6 Nxf6 16. Bd3 Ng4+ 17. Kg3 Nf6 18. Kh4 Ne4 19. Bxe4 dxe4 20. Nd4 Ne7 21.
Kg3 Rd8 22. Kf2 Rf8 23. Ke3 Ng6 24. Rhf1 e5 25. fxe5 Bg4 26. Rxf8+ Rxf8 27. Rd2
Nxe5 28. b3 Ng6 29. Nxe4 Re8 30. Nc6 Bf5 31. Rd8 Rxd8 32. Nxd8 Nh4 33. g4 Bxg4
34. Nc5 Bc8 35. Nc6 Kf7 36. Na7 Bf5 37. c3 Be6 38. b4 Nf5+ 39. Kf4 Nd6 40. Nxa6
Kf6 41. Nc7 g5+ 42. Ke3 Bc4 43. Nc6 Nf5+ 44. Ke4 Nd6+ 45. Kd4 h5 46. Nd5+ Ke6
47. Ne3 Be2 48. Kc5 Bd3 49. Nd4+ Kd7 50. Nf3 Nf7 51. Kd4 Bb1 52. c4 bxc4 53.
Nxc4 Kc7 54. Nce5 Nd6 55. Nxg5 Nb5+ 56. Kc5 Nxa3 57. Ne6+ Kc8 58. Nf4 h4 59.
Nf3 Be4 60. Nxh4 Kd7 61. Nhg6 Nc2 62. h4 Ke8 63. b5 Ne3 64. Kd4 Bxg6 65. Kxe3
Bf7 66. Kd4 Kd7 67. Kc5 Kc7 68. h5 Kb7 69. h6 Bg8 70. Nd5 Bh7 71. Nf6 Bd3 72.
h7 Bxh7 73. Nxh7 1-0

[Event "Olympiad U16"]
[Site "Burdur TUR"]
[Date "2010.11.29"]
[Round "4"]
[White "Kraiouchkine, Nikita"]
[Black "Vidit, Santosh Gujrathi"]
[Result "0-1"]
[WhiteElo "2202"]
[BlackElo "2489"]
[PlyCount "76"]
[EventDate "2010.11.27"]
[EventType "team"]
[EventRounds "10"]
[EventCountry "TUR"]
[Source "Mark Crowther"]
[SourceDate "2010.12.06"]
[WhiteTeam "Canada"]
[BlackTeam "India"]
[WhiteTeamCountry "CAN"]
[BlackTeamCountry "IND"]

1. e4 c5 2. Nf3 d6 3. d4 cxd4 4. Nxd4 Nf6 5. Nc3 Nc6 6. Bg5 e6 7. Qd2 a6 8.
O-O-O Bd7 9. f4 b5 10. Qe1 Nxd4 11. Rxd4 Qb6 12. Qd2 h6 13. Bxf6 gxf6 14. f5 h5
15. Kb1 Qc5 16. Be2 Bh6 17. Qd1 Bf4 18. Bxh5 Ke7 19. fxe6 fxe6 20. Bf3 Be5 21.
Rd3 b4 22. Ne2 Bb5 23. h4 Rac8 24. Qd2 Rc7 25. h5 Rhc8 26. Rc1 Bxd3 27. cxd3
Qf2 28. Rxc7+ Rxc7 29. h6 Bd4 30. Qd1 Be3 31. Qh1 Rc8 32. h7 Rh8 33. d4 Bg5 34.
d5 exd5 35. exd5 f5 36. Qh5 Qe1+ 37. Kc2 Rc8+ 38. Nc3 Rxc3+ 0-1

[Event "Olympiad U16"]
[Site "Burdur TUR"]
[Date "2010.11.29"]
[Round "5"]
[White "Ferreira, Jor1"]
[Black "Kraiouchkine, Nikita"]
[Result "1/2-1/2"]
[WhiteElo "2359"]
[BlackElo "2202"]
[PlyCount "47"]
[EventDate "2010.11.27"]
[EventType "team"]
[EventRounds "10"]
[EventCountry "TUR"]
[Source "Mark Crowther"]
[SourceDate "2010.12.06"]
[WhiteTeam "Portugal"]
[BlackTeam "Canada"]
[WhiteTeamCountry "POR"]
[BlackTeamCountry "CAN"]

1. e4 e5 2. Nf3 Nc6 3. Bb5 f5 4. Bxc6 dxc6 5. Nc3 Nf6 6. Qe2 Bd6 7. exf5 Qe7 8.
d3 Bxf5 9. Ng5 h6 10. Nge4 O-O-O 11. Bd2 Nd5 12. O-O-O Qf7 13. Kb1 g5 14. f3
Qg6 15. g4 Be6 16. h4 Be7 17. hxg5 hxg5 18. Qf2 b6 19. Qg3 Nf4 20. Bxf4 exf4
21. Qg2 Qg7 22. Rde1 Rxh1 23. Rxh1 Rh8 24. Kc1 1/2-1/2

[Event "Olympiad U16"]
[Site "Burdur TUR"]
[Date "2010.11.30"]
[Round "6"]
[White "Kraiouchkine, Nikita"]
[Black "Vakhidov, Jahongir"]
[Result "0-1"]
[WhiteElo "2202"]
[BlackElo "2291"]
[PlyCount "91"]
[EventDate "2010.11.27"]
[EventType "team"]
[EventRounds "10"]
[EventCountry "TUR"]
[Source "Mark Crowther"]
[SourceDate "2010.12.06"]
[WhiteTeam "Canada"]
[BlackTeam "Uzbekistan"]
[WhiteTeamCountry "CAN"]
[BlackTeamCountry "UZB"]

1. e4 c5 2. Nf3 d6 3. d4 cxd4 4. Nxd4 Nf6 5. Nc3 g6 6. Be3 Bg7 7. f3 Nc6 8. Qd2
O-O 9. O-O-O d5 10. Kb1 Nxd4 11. e5 Nf5 12. exf6 exf6 13. Bc5 d4 14. Bxf8 Qxf8
15. Nb5 Ne3 16. Re1 f5 17. f4 Qc5 18. b4 Nxf1 19. Re8+ Bf8 20. Qe1 Qxb5 21. Qe7
Qxe8 22. Qxe8 Nd2+ 23. Kc1 Nc4 24. a4 Nd6 25. Qd8 b6 26. Rd1 Bb7 27. Qd7 Rc8
28. Rxd4 Bc6 29. Qxa7 Be4 30. Qxb6 Rxc2+ 31. Kd1 Nc4 32. Qd8 Ne3+ 33. Ke1 Nxg2+
34. Kd1 Ne3+ 35. Ke1 Rxh2 36. Rd2 Nc2+ 37. Kf1 Rh1+ 38. Kf2 Nxb4 39. a5 Nc6 40.
Qb6 Rb1 41. Qc7 Ra1 42. Rc2 Bxc2 43. Qxc6 Be4 44. Qb6 Ra2+ 45. Ke3 Rc2 46. Kd4
0-1

[Event "Olympiad U16"]
[Site "Burdur TUR"]
[Date "2010.12.02"]
[Round "8"]
[White "Kraiouchkine, Nikita"]
[Black "Emiroglu, Cankut"]
[Result "0-1"]
[WhiteElo "2202"]
[BlackElo "2110"]
[PlyCount "94"]
[EventDate "2010.11.27"]
[EventType "team"]
[EventRounds "10"]
[EventCountry "TUR"]
[Source "Mark Crowther"]
[SourceDate "2010.12.06"]
[WhiteTeam "Canada"]
[BlackTeam "Turkey-White"]
[WhiteTeamCountry "CAN"]

1. e4 c5 2. Nf3 Nc6 3. d4 cxd4 4. Nxd4 g6 5. Nc3 Bg7 6. Be3 Nf6 7. Bc4 O-O 8.
Bb3 d6 9. f3 Bd7 10. Qd2 Nxd4 11. Bxd4 b5 12. h4 a5 13. h5 a4 14. Bd5 b4 15.
Bxf6 exf6 16. Ne2 f5 17. Bxa8 Qxa8 18. Qxd6 Bb5 19. Qxb4 Bxe2 20. Kxe2 fxe4 21.
f4 Rb8 22. Qd6 Rd8 23. Qb6 Bd4 24. Qb4 Qc8 25. Ke1 Qg4 26. Qd2 Qg3+ 27. Kf1 e3
28. Qe2 Bxb2 29. Rh3 Qxf4+ 30. Rf3 Qh4 31. Rh3 Qf4+ 32. Rf3 Qg4 33. Rd1 Rxd1+
34. Qxd1 Qxh5 35. Ke2 Qg4 36. g3 Qc4+ 37. Qd3 Qxa2 38. Rxe3 a3 39. Kf1 Qb1+ 40.
Kg2 a2 41. Re8+ Kg7 42. Qd8 Qxc2+ 43. Kh3 Qf5+ 44. Kg2 a1=Q 45. Rg8+ Kh6 46.
Qh4+ Qh5 47. Qf4+ Qg5 0-1

[Event "Olympiad U16"]
[Site "Burdur TUR"]
[Date "2010.12.03"]
[Round "9"]
[White "Georgiadis, Nico"]
[Black "Kraiouchkine, Nikita"]
[Result "1/2-1/2"]
[WhiteElo "2262"]
[BlackElo "2202"]
[PlyCount "85"]
[EventDate "2010.11.27"]
[EventType "team"]
[EventRounds "10"]
[EventCountry "TUR"]
[Source "Mark Crowther"]
[SourceDate "2010.12.06"]
[WhiteTeam "Switzerland"]
[BlackTeam "Canada"]
[WhiteTeamCountry "SUI"]
[BlackTeamCountry "CAN"]

1. e4 e5 2. Nf3 Nc6 3. Bb5 f5 4. d3 fxe4 5. dxe4 Nf6 6. O-O Bc5 7. Qd3 Nd4 8.
Nxd4 Bxd4 9. Nd2 a6 10. Bc4 Qe7 11. c3 Ba7 12. a4 d6 13. Nf3 Be6 14. Nh4 g6 15.
Bg5 Qf7 16. Bxe6 Qxe6 17. Nf3 h6 18. Be3 Bxe3 19. Qxe3 g5 20. a5 O-O 21. Ra4
Nd7 22. Rb4 Nc5 23. Nd2 Qa2 24. h4 Rf7 25. hxg5 hxg5 26. Nf3 Qxa5 27. Nxg5 Rg7
28. f4 exf4 29. Rxf4 Rxg5 30. Rf5 Rg6 31. Rg5 Qa1+ 32. Kh2 Kg7 33. Rxg6+ Kxg6
34. e5 Rh8+ 35. Kg3 Qb1 36. Rg4+ Kf7 37. Rf4+ Kg7 38. Rg4+ Kf7 39. Rf4+ Kg7 40.
exd6 Qd3 41. Rg4+ Kf7 42. Rf4+ Kg7 43. Rg4+ 1/2-1/2

[Event "Olympiad U16"]
[Site "Burdur TUR"]
[Date "2010.12.04"]
[Round "10"]
[White "Kraiouchkine, Nikita"]
[Black "Du Toit, S."]
[Result "1/2-1/2"]
[WhiteElo "2202"]
[BlackElo "1673"]
[PlyCount "88"]
[EventDate "2010.11.27"]
[EventType "team"]
[EventRounds "10"]
[EventCountry "TUR"]
[Source "Mark Crowther"]
[SourceDate "2010.12.06"]
[WhiteTeam "Canada"]
[BlackTeam "South Africa-A"]
[WhiteTeamCountry "CAN"]

1. e4 c5 2. Nf3 Nc6 3. d4 cxd4 4. Nxd4 Nf6 5. Nc3 e5 6. Ndb5 d6 7. Bg5 a6 8.
Na3 b5 9. Nd5 Be7 10. Bxf6 Bxf6 11. c3 Bg5 12. Nc2 O-O 13. a4 bxa4 14. Rxa4 a5
15. Bc4 Ne7 16. b3 Kh8 17. Nce3 Bxe3 18. fxe3 Bd7 19. Ra2 Nxd5 20. Bxd5 Rc8 21.
Qd3 Qh4+ 22. g3 Qh3 23. Qd2 f5 24. Rxa5 f4 25. exf4 exf4 26. Rg1 fxg3 27. hxg3
Rf3 28. Ra8 Rxg3 29. Rxc8+ Bxc8 30. Rxg3 Qxg3+ 31. Qf2 Qxc3+ 32. Kf1 Qf6 33.
Qxf6 gxf6 34. Bc6 Kg7 35. b4 Kf7 36. b5 Ke7 37. b6 Ba6+ 38. Kf2 Kd8 39. Ke3 Kc8
40. Kf4 Bb7 41. Be8 Ba8 42. Kf5 Kb7 43. Kxf6 Kxb6 44. e5 dxe5 1/2-1/2

[Event "National Capital op"]
[Site "Ottawa CAN"]
[Date "2010.11.13"]
[Round "2"]
[White "Mai, Lloyd"]
[Black "Kraiouchkine, Nikita"]
[Result "1-0"]
[WhiteElo "2296"]
[BlackElo "2355"]
[PlyCount "71"]
[EventDate "2010.11.12"]
[EventType "swiss"]
[EventRounds "5"]
[EventCountry "CAN"]

1. e4 e5 2. Nf3 Nc6 3. Bc4 Nf6 4. d3 Be7 5. O-O d6 6. c3 O-O 7. h3 Na5 8. Bb5
a6 9. Ba4 b5 10. Bc2 c5 11. d4 Nc6 12. Be3 Qc7 13. Nbd2 Rd8 14. Rc1 d5 15. Nxe5
Nxe5 16. dxe5 Nxe4 17. f4 Bf5 18. Nxe4 Bxe4 19. Qg4 Kh8 20. Bxe4 dxe4 21. Rce1
g6 22. Bc1 Qa5 23. a3 h5 24. Qg3 Rd3 25. Qf2 b4 26. Rxe4 bxa3 27. bxa3 c4 28.
Rxc4 Qd5 29. Rc7 Bd8 30. c4 Qe6 31. Rb7 Qc6 32. Qb2 Ba5 33. Rxf7 Bb6+ 34. Kh2
Qxc4 35. e6+ Qd4 36. Rd7 1-0

[Event "National Capital op"]
[Site "Ottawa CAN"]
[Date "2010.11.14"]
[Round "5"]
[White "Levkovsky, Alexandre"]
[Black "Kraiouchkine, Nikita"]
[Result "1/2-1/2"]
[WhiteElo "2267"]
[BlackElo "2355"]
[PlyCount "28"]
[EventDate "2010.11.12"]
[EventType "swiss"]
[EventRounds "5"]
[EventCountry "CAN"]

1. e4 e5 2. Nf3 Nc6 3. Bb5 f5 4. Nc3 fxe4 5. Nxe4 d5 6. Ng3 Bg4 7. h3 Bxf3 8.
Qxf3 Nf6 9. d3 Bc5 10. Be3 Bxe3 11. Qxe3 O-O 12. Bxc6 bxc6 13. O-O Re8 14. Rfe1
Qd6 1/2-1/2

[Event "Montmagny op"]
[Site "Montmagny CAN"]
[Date "2010.11.05"]
[Round "1"]
[White "Kraiouchkine, Nikita"]
[Black "Fournier, Michael"]
[Result "1-0"]
[WhiteElo "2193"]
[BlackElo "1967"]
[PlyCount "71"]
[EventDate "2010.11.05"]
[EventType "swiss"]
[EventRounds "5"]
[EventCountry "CAN"]

1. e4 d5 2. exd5 Nf6 3. Nf3 Nxd5 4. d4 Bg4 5. h3 Bh5 6. c4 Nf6 7. Qb3 Nc6 8. g4
Nxd4 9. Nxd4 Qxd4 10. Qxb7 Rd8 11. Qc6+ Rd7 12. Nc3 Qe5+ 13. Be3 e6 14. c5 Bg6
15. Bb5 Bd6 16. cxd6 O-O 17. Qc5 Qxd6 18. Qxd6 Rxd6 19. Bc5 Rb8 20. Bxd6 cxd6
21. a4 d5 22. g5 Ne4 23. Nxe4 Bxe4 24. O-O a6 25. Bxa6 Rb3 26. Ra3 Rxb2 27. Bd3
Bxd3 28. Rxd3 Ra2 29. Rb3 g6 30. Rb8+ Kg7 31. Ra8 d4 32. Rd1 e5 33. Re8 Rxa4
34. Rxe5 Ra3 35. Kg2 d3 36. Rd5 1-0

[Event "Montmagny op"]
[Site "Montmagny CAN"]
[Date "2010.11.06"]
[Round "3"]
[White "Kraiouchkine, Nikita"]
[Black "Villeneuve, Robert"]
[Result "1-0"]
[WhiteElo "2193"]
[BlackElo "1899"]
[PlyCount "69"]
[EventDate "2010.11.05"]
[EventType "swiss"]
[EventRounds "5"]
[EventCountry "CAN"]

1. e4 c5 2. Nf3 d6 3. d4 cxd4 4. Nxd4 Nf6 5. Nc3 g6 6. Be3 Bg7 7. f3 O-O 8. Qd2
Nc6 9. O-O-O Nxd4 10. Bxd4 Be6 11. Kb1 Qc7 12. h4 Rfc8 13. h5 Qa5 14. hxg6 hxg6
15. g4 Rxc3 16. Qxc3 Qxa2+ 17. Kc1 Bxg4 18. Bc4 Qa1+ 19. Kd2 Qa4 20. Rde1 Bd7
21. e5 dxe5 22. Rxe5 Rd8 23. b3 Qc6 24. Kc1 Be8 25. Rc5 Qd6 26. Be5 Qd7 27. Rc7
Qf5 28. Rxe7 b5 29. Be6 Ne4 30. Bxg7 Qf4+ 31. Kb2 Nxc3 32. Bxc3 Kf8 33. Rb7 Bd7
34. Bxd7 Ke7 35. Bxb5+ 1-0

[Event "Montmagny op"]
[Site "Montmagny CAN"]
[Date "2010.11.07"]
[Round "4"]
[White "Bolduc, Steve"]
[Black "Kraiouchkine, Nikita"]
[Result "0-1"]
[WhiteElo "2315"]
[BlackElo "2193"]
[PlyCount "52"]
[EventDate "2010.11.05"]
[EventType "swiss"]
[EventRounds "5"]
[EventCountry "CAN"]

1. Nf3 d5 2. d4 Nf6 3. Bf4 c6 4. e3 Qb6 5. Qc1 Bg4 6. Be2 Nbd7 7. O-O Nh5 8.
Bg3 Nxg3 9. hxg3 e6 10. c4 h5 11. Nc3 Qd8 12. e4 dxe4 13. Nxe4 Nf6 14. Neg5 Nh7
15. Nxh7 Rxh7 16. Qe3 h4 17. Nxh4 Bxe2 18. Qxe2 g5 19. Qe4 Rh8 20. Ng6 fxg6 21.
Qxe6+ Qe7 22. Qxg6+ Kd7 23. Rfe1 Qh7 24. Qe6+ Kc7 25. f3 Bd6 26. Re5 Rae8 0-1

[Event "Montmagny op"]
[Site "Montmagny CAN"]
[Date "2010.11.07"]
[Round "5"]
[White "Kraiouchkine, Nikita"]
[Black "Caire, Francois"]
[Result "1/2-1/2"]
[WhiteElo "2193"]
[BlackElo "2212"]
[PlyCount "22"]
[EventDate "2010.11.05"]
[EventType "swiss"]
[EventRounds "5"]
[EventCountry "CAN"]

1. e4 e5 2. Nf3 Nc6 3. Bb5 a6 4. Ba4 Nf6 5. O-O Be7 6. Re1 b5 7. Bb3 O-O 8. h3
Bb7 9. d3 d6 10. c3 Na5 11. Bc2 c5 1/2-1/2

[Event "RA Fall op"]
[Site "Ottawa CAN"]
[Date "2010.09.24"]
[Round "1"]
[White "Kraiouchkine, Nikita"]
[Black "Sambuev, Bator"]
[Result "1-0"]
[WhiteElo "2350"]
[BlackElo "2677"]
[PlyCount "81"]
[EventDate "2010.09.24"]
[EventType "swiss"]
[EventRounds "5"]
[EventCountry "CAN"]
[WhiteTeam "Norwegen"]
[BlackTeam "Kanada"]
[WhiteTeamCountry "NOR"]
[BlackTeamCountry "CAN"]

1. e4 e6 2. d4 d5 3. Nc3 Bb4 4. e5 c5 5. a3 Ba5 6. b4 cxd4 7. Qg4 Ne7 8. bxa5
dxc3 9. Qxg7 Rg8 10. Qxh7 Nbc6 11. Nf3 Qc7 12. Bf4 Bd7 13. a6 O-O-O 14. axb7+
Kb8 15. Bd3 f5 16. Bg5 Rxg5 17. Nxg5 Qxe5+ 18. Kf1 Qf6 19. f4 e5 20. Nf7 e4 21.
Nxd8 Nxd8 22. Be2 Ne6 23. g3 Nd4 24. Qh4 Qf8 25. Qg5 Nxc2 26. Rc1 Ba4 27. Kf2
Nc6 28. h4 N6d4 29. h5 Nxe2 30. Rxc2 Bxc2 31. h6 Nd4 32. h7 e3+ 33. Kxe3 Qe8+
34. Kxd4 Qe4+ 35. Kc5 Qc4+ 36. Kd6 Qc7+ 37. Ke6 Qc6+ 38. Kf7 Bb3 39. h8=Q+ Kxb7
40. Qe7+ Ka6 41. Rh6 1-0

[Event "RA Fall op"]
[Site "Ottawa CAN"]
[Date "2010.09.25"]
[Round "3"]
[White "Kraiouchkine, Nikita"]
[Black "Henry, Liam"]
[Result "1-0"]
[WhiteElo "2350"]
[BlackElo "2292"]
[PlyCount "33"]
[EventDate "2010.09.24"]
[EventType "swiss"]
[EventRounds "5"]
[EventCountry "CAN"]

1. e4 c5 2. Nf3 d6 3. d4 cxd4 4. Nxd4 Nf6 5. Nc3 a6 6. Bc4 e6 7. Bb3 b5 8. f4
Bb7 9. e5 dxe5 10. fxe5 Bc5 11. Be3 Bxg2 12. Rg1 Nd5 13. Bf2 Nxc3 14. bxc3 Be4
15. Qg4 Bg6 16. O-O-O Qc7 17. Nxe6 1-0

[Event "RA Fall op"]
[Site "Ottawa CAN"]
[Date "2010.09.26"]
[Round "4"]
[White "Arsenault, Nicolas"]
[Black "Kraiouchkine, Nikita"]
[Result "1-0"]
[WhiteElo "2254"]
[BlackElo "2350"]
[PlyCount "75"]
[EventDate "2010.09.24"]
[EventType "swiss"]
[EventRounds "5"]
[EventCountry "CAN"]

1. e4 e5 2. Nf3 Nc6 3. Bb5 f5 4. Nc3 fxe4 5. Nxe4 d5 6. Ng3 Bg4 7. h3 Bxf3 8.
Qxf3 Nf6 9. O-O Bd6 10. Nh5 Nxh5 11. Qxh5+ g6 12. Qe2 O-O 13. c3 Qh4 14. d3 h5
15. Be3 Ne7 16. Qd2 Qf6 17. Bg5 Qe6 18. Rae1 Nf5 19. Ba4 Qf7 20. Bc2 c6 21. d4
e4 22. Bf4 Rae8 23. Bxd6 Nxd6 24. b3 Qe7 25. Qh6 Qf6 26. f3 Nf5 27. Qf4 g5 28.
Qh2 e3 29. f4 g4 30. hxg4 hxg4 31. Qh5 g3 32. Qg4+ Kh8 33. Bxf5 Qxf5 34. Qxg3
Re4 35. Rxe3 Rxf4 36. Qh2+ Qh7 37. Qxf4 Rxf4 38. Rxf4 1-0

[Event "RA Fall op"]
[Site "Ottawa CAN"]
[Date "2010.09.26"]
[Round "5"]
[White "Kraiouchkine, Nikita"]
[Black "Pacey, Kevin"]
[Result "1/2-1/2"]
[WhiteElo "2350"]
[BlackElo "2383"]
[PlyCount "79"]
[EventDate "2010.09.24"]
[EventType "swiss"]
[EventRounds "5"]
[EventCountry "CAN"]

1. e4 e6 2. d4 d5 3. Nc3 Bb4 4. e5 c5 5. a3 Bxc3+ 6. bxc3 Qc7 7. Bb2 Ne7 8. f4
Bd7 9. Nf3 Ba4 10. Bd3 c4 11. Be2 Nbc6 12. Kd2 O-O-O 13. Qe1 f6 14. g4 g5 15.
fxg5 fxe5 16. Qg3 Qb6 17. Rab1 e4 18. Ba1 Qa5 19. Ne5 Nxd4 20. Nf7 Nxc2 21.
Nd6+ Rxd6 22. Qxd6 e3+ 23. Kc1 Nd4 24. Bxc4 Nec6 25. Bd3 Rd8 26. Qf4 Bc2 27.
Qxe3 Bxb1 28. Kxb1 Nb3 29. Qxe6+ Kb8 30. Bb2 Nc5 31. Qe3 Na4 32. Ka1 Nxb2 33.
Kxb2 d4 34. Qg3+ Ka8 35. c4 Qc3+ 36. Ka2 Qd2+ 37. Ka1 Qc3+ 38. Ka2 Qd2+ 39. Ka1
Qc3+ 40. Ka2 1/2-1/2

[Event "Montreal op"]
[Site "Montreal CAN"]
[Date "2010.09.10"]
[Round "1"]
[White "Miron, Francois"]
[Black "Kraiouchkine, Nikita"]
[Result "1/2-1/2"]
[WhiteElo "1990"]
[BlackElo "2237"]
[PlyCount "68"]
[EventDate "2010.09.10"]
[EventType "swiss"]
[EventRounds "5"]
[EventCountry "CAN"]

1. e4 e5 2. d4 exd4 3. Nf3 c5 4. Bc4 Nf6 5. O-O Nc6 6. e5 d5 7. exf6 dxc4 8.
Re1+ Be6 9. Ng5 Qxf6 10. Nxe6 fxe6 11. Qe2 O-O-O 12. Qxc4 Ne5 13. Qe2 Bd6 14.
Nd2 Qh4 15. f4 Ng6 16. Qxe6+ Kb8 17. Nf3 Qh5 18. Re4 Nh4 19. Qh3 Nxf3+ 20. Qxf3
Qxf3 21. gxf3 Rhf8 22. Bd2 Rf7 23. Rae1 Kc7 24. Kg2 Rdf8 25. h4 Bxf4 26. Bxf4+
Rxf4 27. Re7+ Kc6 28. R1e6+ Kb5 29. Rxb7+ Kc4 30. Re5 Rxf3 31. Rc7 Rf2+ 32. Kg1
Rf1+ 33. Kg2 R1f2+ 34. Kg1 Rf1+ 1/2-1/2

[Event "Montreal op"]
[Site "Montreal CAN"]
[Date "2010.09.11"]
[Round "2"]
[White "Kraiouchkine, Nikita"]
[Black "Forget, Luc"]
[Result "1-0"]
[WhiteElo "2237"]
[BlackElo "1961"]
[PlyCount "81"]
[EventDate "2010.09.10"]
[EventType "swiss"]
[EventRounds "5"]
[EventCountry "CAN"]

1. e4 c6 2. d4 d5 3. Nc3 dxe4 4. Nxe4 Bf5 5. Ng3 Bg6 6. h4 h6 7. Nf3 Nd7 8. h5
Bh7 9. Bd3 Bxd3 10. Qxd3 Ngf6 11. Bf4 Qa5+ 12. Bd2 Qc7 13. O-O-O e6 14. Ne4 Be7
15. Nxf6+ Bxf6 16. Qe4 O-O-O 17. Bf4 Qa5 18. Kb1 Rhe8 19. c4 Qb4 20. b3 c5 21.
Bd2 Qa3 22. Bc1 Qb4 23. Bb2 a5 24. Qc2 a4 25. bxa4 cxd4 26. a3 Qb6 27. Nxd4 Nc5
28. Nb5 Bxb2 29. Kxb2 Rxd1 30. Rxd1 Rd8 31. Kc1 Kb8 32. Qc3 Rxd1+ 33. Kxd1 Qd8+
34. Ke2 f6 35. Qe3 Qe7 36. a5 Kc8 37. Qd4 Nb3 38. Qa7 Qc5 39. Qa8+ Kd7 40.
Qxb7+ Ke8 41. Nc7+ 1-0

[Event "Montreal op"]
[Site "Montreal CAN"]
[Date "2010.09.11"]
[Round "3"]
[White "Khashper, Arkady"]
[Black "Kraiouchkine, Nikita"]
[Result "1-0"]
[WhiteElo "2118"]
[BlackElo "2237"]
[PlyCount "99"]
[EventDate "2010.09.10"]
[EventType "swiss"]
[EventRounds "5"]
[EventCountry "CAN"]

1. e4 e5 2. Nc3 Nf6 3. Bc4 Nc6 4. d3 Bb4 5. Nge2 d5 6. exd5 Nxd5 7. O-O Be6 8.
Bb5 O-O 9. Ne4 Be7 10. Bxc6 bxc6 11. b3 f5 12. Nd2 Bf6 13. Bb2 Nb6 14. Re1 Qd6
15. Ng3 g6 16. a4 Rae8 17. Ngf1 Bf7 18. Ne3 c5 19. a5 Nd7 20. Nec4 Qc6 21. Ra4
Bd5 22. Ne3 Bf7 23. Qa1 Re7 24. Bc3 Rfe8 25. Qb2 Bg5 26. Raa1 Nf6 27. Nec4 Qd5
28. Nf3 Bf4 29. Ncxe5 Bxe5 30. Nxe5 Nd7 31. Nf3 Rxe1+ 32. Rxe1 Rxe1+ 33. Nxe1
Kf8 34. Nf3 Ke8 35. Bd2 Bg8 36. Bg5 Qe6 37. Qg7 Qf7 38. Qc3 Qd5 39. h3 Qd6 40.
Bh4 Qe6 41. b4 h6 42. Bg3 Qf6 43. Qxf6 Nxf6 44. bxc5 Nd5 45. Be5 a6 46. Kf1 Kd7
47. Bg7 Kc6 48. Bxh6 Kxc5 49. c4 Nf6 50. Bf8+ 1-0

[Event "Montreal op"]
[Site "Montreal CAN"]
[Date "2010.09.12"]
[Round "4"]
[White "Clyde, Jordan"]
[Black "Kraiouchkine, Nikita"]
[Result "1-0"]
[WhiteElo "1925"]
[BlackElo "2237"]
[PlyCount "115"]
[EventDate "2010.09.10"]
[EventType "swiss"]
[EventRounds "5"]
[EventCountry "CAN"]

1. Nf3 d5 2. b3 Nf6 3. Bb2 Bg4 4. e3 Nbd7 5. Be2 e6 6. d4 Ne4 7. Nfd2 Bxe2 8.
Qxe2 Nxd2 9. Nxd2 f5 10. e4 fxe4 11. f3 exf3 12. Qxe6+ Qe7 13. Qxe7+ Bxe7 14.
Nxf3 O-O 15. O-O Nf6 16. c4 c6 17. a3 Ne4 18. Rac1 Bd6 19. Rc2 Rae8 20. Ne5 Rf6
21. Rxf6 gxf6 22. Ng4 Kf7 23. Ne3 Bf4 24. Nf1 Nd6 25. Kf2 dxc4 26. bxc4 b5 27.
g3 Bh6 28. cxb5 cxb5 29. Bc1 Bf8 30. Rc7+ Re7 31. Rxe7+ Bxe7 32. Ne3 Ke6 33.
Bb2 Bd8 34. d5+ Kd7 35. Bd4 a5 36. Ke2 Be7 37. Bc5 Nc8 38. Bxe7 Nxe7 39. Kd3
Kd6 40. Kd4 a4 41. g4 Ng6 42. Nf5+ Kd7 43. Kc5 Nf4 44. Ne3 h5 45. gxh5 Nxh5 46.
Kxb5 Kd6 47. Kxa4 Ng7 48. Kb4 f5 49. Kc4 f4 50. Nd1 Nf5 51. Nc3 f3 52. Kd3 Kc5
53. a4 Kb4 54. Kd2 Nd4 55. Ke3 Kxc3 56. a5 Kc4 57. a6 Kb5 58. d6 1-0

[Event "Montreal op"]
[Site "Montreal CAN"]
[Date "2010.09.12"]
[Round "5"]
[White "Kraiouchkine, Nikita"]
[Black "Giroux, Robert"]
[Result "1-0"]
[WhiteElo "2237"]
[BlackElo "2053"]
[PlyCount "47"]
[EventDate "2010.09.10"]
[EventType "swiss"]
[EventRounds "5"]
[EventCountry "CAN"]

1. e4 e6 2. d4 d5 3. Nc3 Nf6 4. e5 Nfd7 5. f4 c5 6. Nf3 Nc6 7. Be3 Be7 8. dxc5
Bxc5 9. Bxc5 Nxc5 10. a3 O-O 11. b4 Ne4 12. Nxe4 dxe4 13. Qxd8 Rxd8 14. Nd2 a5
15. b5 Nd4 16. Rc1 e3 17. Nc4 e2 18. Bxe2 Nxe2 19. Kxe2 Bd7 20. a4 Kf8 21. Rhd1
Ke7 22. Rd6 Be8 23. Rcd1 Rxd6 24. exd6+ 1-0